000 00463nam a2200145Ia 4500
008 100204s9999 xx 000 0 und d
082 _b16812
100 _aजानराव देवीदास द.
245 _aयशवंताची आई
260 _bनीहारा प्रकाशन पुणे
_c1993
300 _a151
630 _aयशवंताची आई
730 _aयशवंताची आई
942 _cBOOK
999 _c461235
_d461232